000 01088cam a22002774a 4500
005 20260322212024.0
008 data
010 _a 2011021691
020 _a9781451625875 (hardcover : alk. paper)
020 _a1451625871 (hardcover : alk. paper)
040 _aDLC
_cDLC
_dDLC
_dBTCTA
_dYDXCP
_dLIV
_dBUR
_dBWX
_dGO3
_dDLC
042 _apcc
043 _an-us---
050 0 0 _aML420.C656
_bA3 2011
082 0 0 _aB
_aB
_223
100 1 _aCommon
_c(Musician)
245 1 0 _aOne day it'll all make sense :
_ba memoir /
_cCommon & Adam Bradley.
250 _a1st Atria Books hardcover ed.
260 _aNew York :
_bAtria Books,
_c2011.
300 _axiv, 305 p., [16] p. of plates :
_bill. (chiefly col.) ;
_c25 cm.
520 _aThe Grammy Award-winning recording artist and actor shares the story of his life, from his youth on Chicago's South side and rise in the hip-hop industry to his movie appearances and the lessons he has learned as a son and a father.
600 0 0 _aCommon
_c(Musician)
650 0 _aRap musicians
_zUnited States
_vBiography.
700 1 _aBradley, Adam.
001 data
999 _c550
_d550